Geboren in Fürth - Statistiken

Allgemein
  • Dieses Quiz wurde 59 mal gespielt
  • Das Durchschnittsergebnis liegt bei 4 aus 8
Antwortstatistiken
Hinweis Antwort % Korrekt
früherer US-Außenminister und Friedensnobelpreisträger 1923 Henry Kissinger
94%
CDU-Politiker, zweiter Bundeskanzler der Bundesrepublik, "Vater des Wirtschaftswunder" 1897 Ludwig Erhard
92%
Gründer des Versandhändlers Quelle 1895 Gustav Schickedanz
58%
Unternehmerin und Leiterin von Quelle 1911 Grete Schickedanz
57%
Gründer des Ullstein Verlag 1826 Leopold Ullstein
57%
SPD-Politiker und Oberbürgermeister von Fürth 1961 Thomas Jung
34%
Rennfahrer und mehrfacher DTM-Champion 1989 Marco Wittmann
17%
evangelischer Theologe, als "fränkischer Diakonissenvater" bekannt 1808 Wilhelm Löhe
11%
Keine übereinstimmenden Quizze gefunden
Verteilung der Resultate
Anzahl Personen mit jedem Resultat
Perzentil nach korrekt beantworteten Fragen
Ihre Resultats-Entwicklung
Sie haben dieses Quiz noch nicht gespielt